000 00747nam a2200241 4500
003 OSt
005 20240607070053.0
006 a
008 240607b |||||||| |||| 00| 0 eng d
020 _a9780123820204
040 _aDWCL-Main lib.
_cOC
082 _2fifth edition
_aCirc. 005.756 D232 2011
100 _aTeorey, Toby
245 _aDatabase modeling and design : logical design /
250 _afifth edition
260 _aBurlington, MA :
_bMorgan Kaufmann,
_cc2011.
300 _axiv,
_bvarious paging : ill. ;
_c24 cm.
504 _aIncludes bibliographical references & index.
650 _a1. Relational database.
650 _a2. Database design.
700 _aToby Teorey
942 _2ddc
_n0
_cBK-CIRC
_efifth edition
_kCirc.
999 _c367
_d367